Sprinkles Cupcakes Flavours - Statistics

General Stats
  • This quiz has been taken 62 times
  • The average score is 6 of 37
Answer Stats
Answer % Correct
Chocolate
94%
Vanilla
88%
Strawberry
78%
Red velvet
54%
Lemon
50%
Carrot
30%
Banana
28%
Cherry
26%
Coconut
18%
Pumpkin
18%
S'more
14%
Dark chocolate
12%
Pistachio
12%
Black and white
10%
Gingerbread
8%
Key lime
8%
Salty caramel
8%
Sprinkles
8%
Black velvet
6%
Chai Latte
6%
Doggie cupcake
6%
Marshmellow
6%
Milk chocolate
6%
Triple cinnamon
6%
Cinnamon sugar
4%
Cuban coffee
4%
Green tea
4%
Olive oil
4%
Peanut butter chip
4%
Caramel apple
2%
Green velvet
2%
Irish chocolate
2%
Maple bacon
2%
Orange cranberry cupcake
2%
Raspberry chocolate chip
2%
Shortcake
2%
Summer cherry
2%
No matching quizzes found
Score Distribution
Percent of People with Each Score
Percentile by Number Answered
Your Score History
You have not taken this quiz